| 000 | 00903nam a22001577a 4500 | ||
|---|---|---|---|
| 003 | OSt | ||
| 005 | 20221125143230.0 | ||
| 008 | 190503b xxu||||| |||| 00| 0 eng d | ||
| 040 | _cRUA | ||
| 082 | _aSOR SRE 2010 B544 Or.1 | ||
| 100 |
_913546 _aSRENG SYNEATH.ស្រេង ស៊ីនាថ |
||
| 245 | _athe comp arision of income taking from non-timbe taking from non-timber forest product in community forestry at sraeampum commune,pechrada district, mondulkiri province,ការបៀបធៀបពីប្រាស់ចំណូលដែលចំណូលដែលបានពីះនុផលព្រៃឈើរបស់សហគមន៍ព្រៃឈើនៅក្នុងឃុំស្រែអំពូមស្រុកពេជ្រាដាខេត្តមណ្ឌលគីរី | ||
| 260 |
_aphnom penh _brua _c2010 |
||
| 300 |
_ax;47p; _bill; _c29cm; |
||
| 942 |
_2ddc _cFOR |
||
| 999 |
_c17885 _d17885 |
||